Liedtext: Wise Guys - Powerfrau - Statistiken

Allgemein
  • Dieses Quiz wurde 50 mal gespielt
  • Das Durchschnittsergebnis liegt bei 281 aus 357
Antwortstatistiken
Antwort % Korrekt
Ein
100%
ein
100%
ist
100%
Ist
100%
sie
100%
Sie
100%
da
97%
der
97%
Der
97%
Die
97%
die
97%
für
97%
Ich
97%
ich
97%
Im
97%
im
97%
Powerfrau
97%
und
97%
Und
97%
das
94%
den
94%
in
94%
ne
94%
alle
91%
auf
91%
Frau
91%
ihr
91%
nicht
91%
bis
89%
Doch
89%
kann
89%
mich
89%
mit
89%
Mit
89%
zu
89%
an
86%
aus
86%
dass
86%
du
86%
es
86%
hab
86%
Haus
86%
heut
86%
Mann
86%
noch
86%
sich
86%
sind
86%
so
86%
war
86%
wär
86%
was
86%
wir
86%
ihre
83%
jede
83%
Mein
83%
verlassen
83%
weiß
83%
Bei
80%
jeder
80%
kenn
80%
komm
80%
Mach
80%
mach
80%
Tricks
80%
dann
77%
fleißiger
77%
Hinter
77%
kennt
77%
meinem
77%
nach
77%
starken
77%
verstanden
77%
warte
77%
Wenn
77%
bin
74%
Heute
74%
heute
74%
machen
74%
Management
74%
schon
74%
soll
74%
spät
74%
bestens
71%
Büro
71%
denn
71%
ja
71%
morgen
71%
sag
71%
Schatz
71%
wecke
71%
Analyst
69%
anrufen
69%
Aufstehen
69%
behalt
69%
Blumen
69%
deine
69%
dir
69%
frisch
69%
fröhlichsten
69%
hat
69%
jetzt
69%
Jetzt
69%
Karriere
69%
keine
69%
Lachen
69%
lange
69%
liegt
69%
Main
69%
Mozzarella
69%
raus
69%
sagt
69%
Scheidungsrecht
69%
Tomaten
69%
Tupperdose
69%
Türe
69%
vermisse
69%
Basilikum
66%
gleich
66%
Hose
66%
kommst
66%
muss
66%
nur
66%
trinken
66%
wird
66%
Zeit
66%
auch
63%
Chief
63%
Communication
63%
Controlling
63%
dich
63%
Dreck
63%
Fenster
63%
Gabeln
63%
gebogen
63%
gebügelte
63%
grad
63%
Jahre
63%
Kommt
63%
krummen
63%
Langeweile
63%
los
63%
Sorgen
63%
soweit
63%
voll
63%
wann
63%
zum
63%
Art
60%
Betten
60%
bezogen
60%
geputzt
60%
Hilfe
60%
längste
60%
Rache
60%
Schrank
60%
vergiss
60%
verschmutzt
60%
bitte
57%
einfach
57%
gegen
57%
genug
57%
Hobby
57%
ihren
57%
lächelt
57%
Lamborghini
57%
Martini
57%
Muskeln
57%
nehm
57%
Patriarchat
57%
schwer
57%
Sonne
57%
Assistant
54%
fünftausend
54%
klug
54%
neuen
54%
Nimms
54%
scheint
54%
trau
54%
Typ
54%
Consulting
51%
eigenes
51%
fühl
51%
geschickt
51%
hasse
51%
leer
51%
Manchmal
51%
Pass
51%
stehtn
51%
Töpfern
51%
müde
49%
Privatsekretär
49%
Salvatore
49%
Therapeut
49%
absolut
46%
eingekauft
46%
jungen
46%
Multi
46%
nix
46%
strahl
46%
täglich
46%
Wohnzimmerteppich
46%
gepflegt
40%
Front
29%
Wasserheißdampfreinigungsgerät
23%
Keine übereinstimmenden Quizze gefunden
Verteilung der Resultate
Anzahl Personen mit jedem Resultat
Perzentil nach korrekt beantworteten Fragen
Ihre Resultats-Entwicklung
Sie haben dieses Quiz noch nicht gespielt